| 000 | 00474nam a2200157 i 4500 | ||
|---|---|---|---|
| 001 | 27517 | ||
| 003 | ES-MaACL | ||
| 005 | 20230906153632.0 | ||
| 007 | t| | ||
| 008 | 030114s1963 sp ||||1| spa d | ||
| 100 | 1 |
_aAyerra, Jacinto. _924147 |
|
| 245 | 1 | 3 |
_aEl hermano coadjutor en la actual compañía Ad usum N.N. / _cJacinto Ayerra. |
| 260 |
_a[Burgos : _bs.n., _c1963] ( _fTip. Santiago Rodríguez) |
||
| 300 |
_a287 p. ; _c18 cm. |
||
| 852 |
_aES-MaACL _jC-24693 _bR.53051 |
||
| 999 |
_c27517 _d27517 |
||